000 00377nam a22001577a 4500
005 20251108170734.0
008 250721s1953 xx 000 0 eng d
082 1 4 _a616.91009/bur
100 1 _aburnet, macfarlane
245 1 0 _anatural history /
264 1 _alondon :
_bcambridge,
_c1953.
300 _a356 p.
650 1 7 _acontagion
942 _2ddc
_cBK
999 _c47827
_d47827